[Event "Quebec op"]
[Site "Montreal"]
[Date "2023.08.04"]
[Round "8"]
[White "Robichaud, Louis"]
[Black "Berube, Maximilien"]
[Result "1-0"]
[WhiteElo "2008"]
[BlackElo "1655"]
[PlyCount "155"]
[EventDate "2023.07.29"]
[EventType "swiss"]
[EventRounds "9"]
[EventCountry "CAN"]
[SourceTitle "CBM 215 Extra"]
[Source "ChessBase"]
[SourceDate "2023.09.30"]
[SourceVersion "1"]
[SourceVersionDate "2023.09.30"]
[SourceQuality "1"]

1. e4 c6 2. d3 d6 3. f4 g6 4. Nf3 Bg7 5. Be2 Nd7 6. Nc3 e5 7. fxe5 Nxe5 8. 0-0 Ne7 9. Kh1 0-0 10. Be3 f5 11. Qd2 Nxf3 12. Bxf3 Be6 13. Rad1 Qc7 14. Rfe1 Rad8 15. Bg5 Rde8 16. Re2 fxe4 17. dxe4 Be5 18. Bh6 Rf7 19. Ree1 Kh8 20. Ne2 Ng8 21. Bf4 Nf6 22. Bxe5 dxe5 23. Qc3 Kg8 24. Nc1 Rd7 25. Rxd7 Bxd7 26. Nd3 Re7 27. h3 Be8 28. Qd2 Kg7 29. Qg5 Bf7 30. b3 Qa5 31. a4 h6 32. Qg3 Qc3 33. Bd1 Rd7 34. Rf1 Re7 35. Qf3 Re6 36. h4 Qd4 37. Nf2 Qd8 38. g4 h5 39. g5 Nd7 40. Ng4 Qe7 41. Nh6 Bg8 42. Be2 Rd6 43. Nxg8 Kxg8 44. Bc4+ Kh8 45. Qc3 b6 46. Rf7 Qe8 47. Qf3 Rd4 48. Rf6 Rxc4 49. bxc4 Nxf6 50. Qxf6+ Kh7 51. Kg2 c5 52. Kf2 Kg8 53. Ke1 Kh7 54. Qd6 Kg8 55. Kd2 Kf7 56. Qf6+ Kg8 57. Kc3 Kh7 58. Kb3 Kg8 59. Qd6 Kf7 60. a5 Qe7 61. Qb8 bxa5 62. Ka4 Qd7+ 63. Kxa5 Qd4 64. Qxa7+ Ke8 65. Qa8+ Ke7 66. Qb7+ Ke8 67. Qc6+ Ke7 68. Kb6 Qb2+ 69. Kc7 Qa3 70. Qf6+ Ke8 71. Qxg6+ Ke7 72. Qf6+ Ke8 73. Kd6 Qd3+ 74. Kxe5 Qd4+ 75. Kf5 Qe3 76. Qe6+ Kf8 77. Kg6 Qxg5+ 78. Kxg5 1-0

[Event "Quebec op"]
[Site "Montreal"]
[Date "2023.07.29"]
[Round "1"]
[White "Berube, Maximilien"]
[Black "Dukic, Zachary"]
[Result "0-1"]
[WhiteElo "1655"]
[BlackElo "2196"]
[PlyCount "124"]
[EventDate "2023.07.29"]
[EventType "swiss"]
[EventRounds "9"]
[EventCountry "CAN"]
[SourceTitle "CBM 215 Extra"]
[Source "ChessBase"]
[SourceDate "2023.09.30"]
[SourceVersion "1"]
[SourceVersionDate "2023.09.30"]
[SourceQuality "1"]

1. e4 c5 2. Nf3 Nc6 3. Bc4 e6 4. 0-0 a6 5. c3 d5 6. exd5 exd5 7. Re1+ Be7 8. Bf1 Nf6 9. d4 0-0 10. h3 Qb6 11. Nbd2 cxd4 12. Nxd4 Nxd4 13. cxd4 Bb4 14. a3 Ba5 15. Qc2 Qxd4 16. Nb3 Qa4 17. Rd1 Bb6 18. Nd4 Qxc2 19. Nxc2 Bf5 20. Nd4 Bd7 21. Be3 Rac8 22. Be2 Ba4 23. Rdc1 Rxc1+ 24. Rxc1 Bd7 25. Bf3 Rc8 26. Rxc8+ Bxc8 27. Kf1 g5 28. Ke2 h5 29. Kd3 g4 30. hxg4 hxg4 31. Bd1 Nd7 32. Kc3 Ne5 33. Be2 Bd8 34. f3 Kg7 35. b3 f5 36. f4 Nf7 37. Kd3 Bh4 38. Bd2 Bg3 39. Bd1 Bd7 40. a4 Kg6 41. Ke3 Nd6 42. Ne2 Bh4 43. Kd3 Ne4 44. Be3 Kf6 45. Nd4 Ke7 46. Nc2 Kd6 47. Bd4 Bf6 48. Bxf6 Nxf6 49. Kd4 Nh5 50. Ke3 Kc5 51. Be2 d4+ 52. Nxd4 Nxf4 53. Bf1 Nd5+ 54. Kd3 f4 55. Be2 Ne3 56. g3 Nf5 57. Bxg4 Nxd4 58. Bxd7 fxg3 59. b4+ Kxb4 60. Bh3 Nb3 61. Ke3 Kxa4 62. Bc8 Nc5 0-1